000 00519nam a2200193Ia 4500
003 OSt
005 20230323160827.0
008 210423s2005 xx 000 0 und d
040 _cAL
041 _aeng
082 _a659.1
_223
_bKUNS
100 _aKUNDRA (Shipra).
_977127
245 _aIntroduction to advertising and public relations.
260 _aNew Delhi
_bAnmol Publications
_c2005
300 _a427
365 _b250
_cINR
906 _aadvertising ; Introduction ; public ; relations.
942 _2ddc
_cBK
999 _c155725
_d155725